00906nam a2200193 a 450000100100000000500170001000800410002704000250006810000410009324501090013426000750024330000210031850000210033950000730036070000510043395201060048495201050059099900170069500002840120240305073654.0110408s1958 dr 000 0 spa d aDO-SdBNPbspacBNPHU1 aCipriano de Ultrea, Francisco95535510aPara la historia de América /cFrancisco Cipriano de Ultrea ; prefacio de Emilio Rodríguez Demorizi. aCiudad Trujillo, República Dominicana :bImprenta Dominicana,c1958. a271 p. ;c25 cm. aIncluye índice aIncluye referencias bibliográficas y notas al pie de las páginas1 aRodríguez Demorizi, Emilio,d1908-198691039 00107-18PDaPDbPDcOId2019-06-25iLF1l0o p28401-20r2020-06-25w2020-06-25yLFPDZNo se presta 001050718RVaPDbPDcHDd2011-04-08iLF1l0o p28401-10r2020-06-25w2020-06-25y1ZNo se presta c27893d27893